G98-海南地区环线高速公路途径行政区 - Statistics

General Stats
  • This quiz has been taken 7 times
  • The average score is 11 of 14
Answer Stats
序号 行政区 备注 % Correct
1 海口 里程零点
100%
2 定安
83%
3 琼海
83%
4 万宁
83%
5 陵水
83%
6 三亚
83%
11 儋州
83%
12 临高
83%
13 澄迈
83%
14 海口 返回里程零点
83%
7 乐东
67%
8 东方
67%
10 白沙
67%
9 昌江
50%
No matching quizzes found
Score Distribution
Percent of People with Each Score
Percentile by Number Answered
Your Score History
You have not taken this quiz